[Event "UK Women's Blitz Championship"]
[Site "Leamington"]
[Date "2025.11.22"]
[Round "7.6"]
[White "Karas, Eugenia"]
[Black "Mirzoeva, Elmira"]
[Result "1-0"]
[WhiteElo "2019"]
[BlackElo "2122"]
[PlyCount "101"]
[EventDate "2025.11.22"]
[EventType "tourn (blitz)"]
[EventRounds "15"]
[EventCountry "GBR"]
[SourceTitle "BritBase"]
[Source "John Saunders"]
[SourceDate "2025.11.23"]
[SourceVersion "1"]
[SourceVersionDate "2025.11.23"]
[SourceQuality "1"]

1. Nf3 d6 2. d4 Nf6 3. b3 g6 4. Bb2 Bg7 5. g3 O-O 6. Bg2 Nbd7 7. O-O e5 8. dxe5 Ng4 9. Nbd2 Ngxe5 10. Nxe5 Nxe5 11. Qc1 Qe7 12. c4 f5 13. Nf3 Nc6 14. Bxg7 Qxg7 15. Qd2 Re8 16. Rad1 a5 17. e3 Kh8 18. Nd4 Ne5 19. Rc1 a4 20. c5 dxc5 21. Rxc5 axb3 22. axb3 c6 23. Ra5 Bd7 24. Rfa1 Rxa5 25. Rxa5 Qf7 26. Qc3 Kg8 27. h4 Be6 28. Rxe5 Qf6 29. Ra5 Bf7 30. Qb4 Re7 31. Ra8+ Kg7 32. Rb8 h6 33. Rxb7 c5 34. Qxc5 Re5 35. Qc8 g5 36. Rb8 Re8 37. Qc7 Rxb8 38. Qxb8 gxh4 39. gxh4 Bg6 40. Qc7+ Kh8 41. Qc8+ Kg7 42. Ne6+ Kf7 43. Nf4 Qa1+ 44. Kh2 Qe5 45. Qc4+ Kg7 46. Qd4 Kf6 47. Qxe5+ Kxe5 48. Nxg6+ Kd6 49. Bh3 Ke6 50. Nf4+ Ke5 51. b4 1-0

[Event "UK Women's Blitz Championship"]
[Site "Leamington"]
[Date "2025.11.22"]
[Round "7.7"]
[White "Dicen, Elis Denele"]
[Black "Varney, Zoe"]
[Result "1-0"]
[WhiteElo "2076"]
[BlackElo "1931"]
[PlyCount "73"]
[EventDate "2025.11.22"]
[EventType "tourn (blitz)"]
[EventRounds "15"]
[EventCountry "GBR"]
[SourceTitle "BritBase"]
[Source "John Saunders"]
[SourceDate "2025.11.23"]
[SourceVersion "1"]
[SourceVersionDate "2025.11.23"]
[SourceQuality "1"]

1. Nf3 d5 2. g3 Nf6 3. Bg2 e6 4. O-O Be7 5. c4 O-O 6. b3 c5 7. cxd5 exd5 8. d4 c4 9. bxc4 dxc4 10. Ne5 Qc7 11. Nc3 a6 12. Bg5 Nbd7 13. Nxd7 Qxd7 14. Bxf6 Bxf6 15. Nd5 Qd6 16. e4 Bd8 17. e5 Qg6 18. Nf4 Qb6 19. Rb1 Qc7 20. Nd5 Qa5 21. Qc2 Be6 22. Ne3 Rc8 23. Bxb7 Rc7 24. Bg2 f6 25. d5 Bf7 26. e6 Bg6 27. Nf5 Be7 28. h4 h5 29. Be4 Bc5 30. Kg2 Bxf5 31. Bxf5 c3 32. Bh7+ Kh8 33. Bg6 Ba7 34. Rbd1 Rd8 35. Qe2 Rxd5 36. e7 Re5 37. e8=Q+ 1-0

[Event "UK Women's Blitz Championship"]
[Site "Leamington"]
[Date "2025.11.22"]
[Round "7.8"]
[White "Hariharan, Shambavi"]
[Black "Barwick, Carmel J"]
[Result "1-0"]
[WhiteElo "1978"]
[BlackElo "1831"]
[PlyCount "107"]
[EventDate "2025.11.22"]
[EventType "tourn (blitz)"]
[EventRounds "15"]
[EventCountry "GBR"]
[SourceTitle "BritBase"]
[Source "John Saunders"]
[SourceDate "2025.11.23"]
[SourceVersion "1"]
[SourceVersionDate "2025.11.23"]
[SourceQuality "1"]

1. d4 Nf6 2. c4 b6 3. Nc3 Bb7 4. Qc2 d5 5. cxd5 Nxd5 6. e4 Nxc3 7. bxc3 e6 8. Nf3 Be7 9. Bd3 O-O 10. O-O c5 11. Bf4 Nc6 12. d5 Na5 13. c4 g6 14. Bh6 Re8 15. Rfe1 exd5 16. exd5 Bf6 17. Rad1 Qd6 18. Nd2 Bg7 19. Bxg7 Kxg7 20. Ne4 Qe5 21. Qd2 Rad8 22. Nxc5 Qf6 23. Ne4 Qd4 24. Qc2 Ba6 25. Nd2 Rxe1+ 26. Rxe1 b5 27. cxb5 Bb7 28. Nf3 Qf6 29. Be4 Bxd5 30. Bxd5 Rxd5 31. a4 Nb7 32. h3 Nd6 33. Qb3 Rf5 34. Rd1 Rf4 35. Qa3 Ne4 36. Qe3 Ng5 37. Nxg5 Qxg5 38. Qc3+ Qf6 39. Qxf6+ Rxf6 40. Rd7 Rf4 41. Rxa7 Rb4 42. Ra6 h5 43. b6 Kf8 44. a5 Ke7 45. Ra7+ Kd6 46. Rxf7 Rb5 47. Ra7 Kc6 48. Kh2 Rb2 49. Kg3 Rb4 50. h4 Rg4+ 51. Kh3 Rf4 52. f3 Rb4 53. Rg7 Kb5 54. Rxg6 1-0

[Event "UK Women's Blitz Championship"]
[Site "Leamington"]
[Date "2025.11.22"]
[Round "8.1"]
[White "Orlovska, Madara"]
[Black "Barwick, Carmel J"]
[Result "1-0"]
[WhiteElo "2052"]
[BlackElo "1831"]
[PlyCount "113"]
[EventDate "2025.11.22"]
[EventType "tourn (blitz)"]
[EventRounds "15"]
[EventCountry "GBR"]
[SourceTitle "BritBase"]
[Source "John Saunders"]
[SourceDate "2025.11.23"]
[SourceVersion "1"]
[SourceVersionDate "2025.11.23"]
[SourceQuality "1"]

1. d4 Nf6 2. Bf4 d5 3. Nc3 a6 4. e3 e6 5. Nf3 c5 6. Ne5 cxd4 7. exd4 Bb4 8. a3 Be7 9. Bd3 Nc6 10. Ne2 Qb6 11. Rb1 Nh5 12. Be3 g6 13. O-O Qc7 14. f4 b5 15. Kh1 Bb7 16. Qe1 Ng7 17. Ng3 h5 18. Ne2 Nf5 19. Bxf5 gxf5 20. Qg3 Bf6 21. c3 O-O-O 22. a4 Rdg8 23. Qf3 Nxe5 24. fxe5 Be7 25. axb5 axb5 26. Ra1 Kd7 27. Ra7 Ra8 28. Rfa1 Rxa7 29. Rxa7 Qb6 30. Ra1 b4 31. Bd2 b3 32. Nf4 Ba6 33. Nxh5 Bd3 34. Nf6+ Bxf6 35. exf6 Be4 36. Qf4 Rg8 37. Rg1 Qb5 38. h4 Qe2 39. Qe3 Bxg2+ 40. Kh2 Qg4 41. Be1 Kd8 42. Bg3 Be4 43. Qf4 Qxf4 44. Bxf4 Rxg1 45. Kxg1 Ke8 46. Bh6 Bf3 47. Kf2 Bg4 48. Ke3 Kd7 49. Kf4 Kd6 50. Bf8+ Kd7 51. Ke5 Ke8 52. Be7 Kd7 53. Kf4 Ke8 54. Kg5 Bd1 55. h5 Bc2 56. Kf4 Kd7 57. h6 1-0

[Event "UK Women's Blitz Championship"]
[Site "Leamington"]
[Date "2025.11.22"]
[Round "8.2"]
[White "Varney, Zoe"]
[Black "Hariharan, Shambavi"]
[Result "0-1"]
[WhiteElo "1931"]
[BlackElo "1978"]
[PlyCount "50"]
[EventDate "2025.11.22"]
[EventType "tourn (blitz)"]
[EventRounds "15"]
[EventCountry "GBR"]
[SourceTitle "BritBase"]
[Source "John Saunders"]
[SourceDate "2025.11.23"]
[SourceVersion "1"]
[SourceVersionDate "2025.11.23"]
[SourceQuality "1"]

1. Nf3 Nf6 2. g3 b6 3. Bg2 Bb7 4. O-O e6 5. d4 Be7 6. c4 O-O 7. Nc3 Ne4 8. d5 Nxc3 9. bxc3 d6 10. e4 e5 11. Ne1 f5 12. Nd3 fxe4 13. Bxe4 Nd7 14. f4 Nf6 15. Qe2 Bc8 16. fxe5 dxe5 17. Nxe5 Bc5+ 18. Kg2 Nxe4 19. Qxe4 Bh3+ 20. Kxh3 Rxf1 21. Bg5 Qc8+ 22. Kg2 Rxa1 23. Be3 Re1 24. Qf4 Rxe3 25. Qf7+ Kh8 0-1

[Event "UK Women's Blitz Championship"]
[Site "Leamington"]
[Date "2025.11.22"]
[Round "8.3"]
[White "Mirzoeva, Elmira"]
[Black "Dicen, Elis Denele"]
[Result "1-0"]
[WhiteElo "2122"]
[BlackElo "2076"]
[PlyCount "79"]
[EventDate "2025.11.22"]
[EventType "tourn (blitz)"]
[EventRounds "15"]
[EventCountry "GBR"]
[SourceTitle "BritBase"]
[Source "John Saunders"]
[SourceDate "2025.11.23"]
[SourceVersion "1"]
[SourceVersionDate "2025.11.23"]
[SourceQuality "1"]

1. Nf3 Nf6 2. b3 b6 3. g3 Bb7 4. Bg2 g6 5. Bb2 Bg7 6. O-O O-O 7. c4 d6 8. d4 Nbd7 9. Nc3 Ne4 10. Qc2 Nxc3 11. Bxc3 e6 12. e4 Qe7 13. Rfe1 e5 14. d5 a5 15. a3 Kh8 16. Bh3 Bc8 17. b4 a4 18. Re2 Nb8 19. Bxc8 Rxc8 20. Ne1 Rf8 21. Nd3 Nd7 22. Bb2 f5 23. exf5 Rxf5 24. Nf4 Rxf4 25. gxf4 Rf8 26. Qe4 Qf7 27. Rae1 Re8 28. fxe5 dxe5 29. Re3 Nf6 30. Qh4 Nd7 31. f4 Bf6 32. Qg4 h5 33. Qh3 Bg7 34. fxe5 Qf4 35. Qg3 Qxc4 36. Qxg6 Qh4 37. Qxe8+ Kh7 38. Qxd7 Qg5+ 39. Kh1 Qf4 40. Qe6 1-0

[Event "UK Women's Blitz Championship"]
[Site "Leamington"]
[Date "2025.11.22"]
[Round "8.4"]
[White "Hng, Mei-Xian Eunice"]
[Black "Karas, Eugenia"]
[Result "1/2-1/2"]
[WhiteElo "2000"]
[BlackElo "2019"]
[PlyCount "114"]
[EventDate "2025.11.22"]
[EventType "tourn (blitz)"]
[EventRounds "15"]
[EventCountry "GBR"]
[SourceTitle "BritBase"]
[Source "John Saunders"]
[SourceDate "2025.11.23"]
[SourceVersion "1"]
[SourceVersionDate "2025.11.23"]
[SourceQuality "1"]

1. e4 c5 2. d4 cxd4 3. c3 d3 4. Bxd3 Nc6 5. Bc4 g6 6. Nf3 Bg7 7. O-O d6 8. Qe2 Nf6 9. h3 O-O 10. Rd1 Nd7 11. Be3 Qc7 12. Na3 a6 13. Nc2 b5 14. Bd3 Nde5 15. Nxe5 Nxe5 16. Nb4 Bb7 17. Nd5 Bxd5 18. exd5 e6 19. Be4 f5 20. Bc2 f4 21. Bd4 f3 22. Qe4 fxg2 23. Bxe5 Bxe5 24. dxe6 Qe7 25. Qxg2 Kh8 26. Be4 Rad8 27. Bd5 Rf4 28. Re1 Rdf8 29. Re2 a5 30. Rf1 R8f5 31. Re3 b4 32. Rg3 bxc3 33. bxc3 Rh4 34. Rg4 Rxg4 35. hxg4 Rf8 36. c4 Qh4 37. Rb1 Bd4 38. Bf3 Qf6 39. Rb3 a4 40. Rd3 Be5 41. Bd5 Qf4 42. Rf3 Qc1+ 43. Qf1 Qxf1+ 44. Kxf1 Rxf3 45. Bxf3 Kg7 46. Ke2 Kf6 47. Bd5 h5 48. gxh5 gxh5 49. Kf3 Bd4 50. Kg2 Be5 51. Kh3 Bd4 52. f3 Bf2 53. Kg2 Be1 54. Kh3 a3 55. Kg2 Bd2 56. Kf1 Bf4 57. Kg2 Bd2 1/2-1/2

[Event "UK Women's Blitz Championship"]
[Site "Leamington"]
[Date "2025.11.22"]
[Round "8.5"]
[White "Sivanandan, Bodhana"]
[Black "Pyun, Lindsay"]
[Result "1-0"]
[WhiteElo "2291"]
[BlackElo "1796"]
[PlyCount "52"]
[EventDate "2025.11.22"]
[EventType "tourn (blitz)"]
[EventRounds "15"]
[EventCountry "GBR"]
[SourceTitle "BritBase"]
[Source "John Saunders"]
[SourceDate "2025.11.23"]
[SourceVersion "1"]
[SourceVersionDate "2025.11.23"]
[SourceQuality "1"]

1. e4 e5 2. Nf3 Nc6 3. Nc3 Nf6 4. d4 exd4 5. Nxd4 Bb4 6. Nxc6 bxc6 7. Bd3 d5 8. exd5 cxd5 9. O-O O-O 10. h3 c6 11. Qf3 Re8 12. Bf4 Bd6 13. Rfe1 Bxf4 14. Qxf4 Be6 15. Rad1 Rb8 16. b3 Nd7 17. Ne2 Nc5 18. Nd4 Bd7 19. Rxe8+ Qxe8 20. Qg3 Nxd3 21. Rxd3 f6 22. Re3 Qf8 23. Qc7 Qd8 24. Qd6 h6 25. Re7 Be8 26. Qe6+ Kh8 1-0

[Event "UK Women's Blitz Championship"]
[Site "Leamington"]
[Date "2025.11.22"]
[Round "8.6"]
[White "Yuan, Alice"]
[Black "Tamilselvan, Tara"]
[Result "0-1"]
[WhiteElo "1586"]
[BlackElo "1887"]
[PlyCount "150"]
[EventDate "2025.11.22"]
[EventType "tourn (blitz)"]
[EventRounds "15"]
[EventCountry "GBR"]
[SourceTitle "BritBase"]
[Source "John Saunders"]
[SourceDate "2025.11.23"]
[SourceVersion "1"]
[SourceVersionDate "2025.11.23"]
[SourceQuality "1"]

1. d4 Nf6 2. Bf4 d5 3. Nf3 c5 4. e3 Nc6 5. c3 Qb6 6. Qc2 Bf5 7. Qc1 e6 8. Nbd2 Be7 9. Be2 O-O 10. O-O Ne4 11. Nxe4 Bxe4 12. Qd2 h6 13. h3 Bxf3 14. Bxf3 Na5 15. b3 Nc6 16. Rfe1 Qd8 17. Rac1 Bd6 18. Bxd6 Qxd6 19. Qd1 Rad8 20. Qc2 Ne7 21. Bg4 Ng6 22. g3 e5 23. Bf5 Ne7 24. Bg4 f5 25. Be2 e4 26. a4 a6 27. Rb1 cxd4 28. exd4 f4 29. g4 f3 30. Bd1 Qf6 31. b4 Qh4 32. Kh2 Ng6 33. Rg1 Nf4 34. Rg3 Kh8 35. Qd2 Qg5 36. Qe1 Rde8 37. Qd2 Qf6 38. Qc2 Ng6 39. Qd2 Re7 40. Bc2 Rfe8 41. Re1 Kg8 42. Kg1 Nf4 43. Kh2 Ng2 44. Rg1 e3 45. fxe3 Rxe3 46. Qf2 Re2 47. Qxf3 Qxf3 48. Rxf3 Ne3+ 49. Kg3 Nxc2 50. Rgf1 R2e3 51. Rxe3 Rxe3+ 52. Kf4 Rxc3 53. h4 Rc4 54. Rc1 Rxd4+ 55. Ke5 Rc4 56. Kxd5 Ne3+ 57. Ke5 Rxc1 58. Ke4 Rc4+ 59. Kxe3 Rxb4 60. a5 Rxg4 61. h5 Rg5 62. Kf4 Rxa5 63. Ke4 Rc5 64. Kd4 b6 65. Kd3 a5 66. Kd4 a4 67. Kd3 a3 68. Kd4 a2 69. Kd3 a1=Q 70. Ke4 Re5+ 71. Kd3 Qa3+ 72. Kd4 Qc5+ 73. Kd3 Re3+ 74. Kd2 Qc3+ 75. Kd1 Re1# 0-1

[Event "UK Women's Blitz Championship"]
[Site "Leamington"]
[Date "2025.11.22"]
[Round "8.7"]
[White "Bahtiyorova, Nodirabegim"]
[Black "Nguyen, Hong Nhung"]
[Result "0-1"]
[WhiteElo "1817"]
[BlackElo "2190"]
[PlyCount "72"]
[EventDate "2025.11.22"]
[EventType "tourn (blitz)"]
[EventRounds "15"]
[EventCountry "GBR"]
[SourceTitle "BritBase"]
[Source "John Saunders"]
[SourceDate "2025.11.23"]
[SourceVersion "1"]
[SourceVersionDate "2025.11.23"]
[SourceQuality "1"]

1. e4 c5 2. Nf3 e6 3. d4 cxd4 4. Nxd4 Nf6 5. Bd3 Nc6 6. Nxc6 bxc6 7. c4 e5 8. O-O Bc5 9. Nc3 O-O 10. Rb1 Rb8 11. a3 a5 12. Bg5 h6 13. Bh4 d6 14. Qa4 g5 15. Bg3 Bd7 16. b4 axb4 17. axb4 Bd4 18. Ne2 Bb6 19. Rfc1 Qe7 20. Qc2 Bc7 21. Rb2 h5 22. f3 Bb6+ 23. Bf2 Bxf2+ 24. Kxf2 d5 25. exd5 cxd5 26. c5 e4 27. fxe4 dxe4 28. Bc4 Rxb4 29. Rxb4 Qxc5+ 30. Kf1 Qxb4 31. Qc3 Qb6 32. Nd4 Rc8 33. Qd2 Qd8 34. Be2 Rxc1+ 35. Qxc1 Nd5 36. Qc4 Ne3+ 0-1

[Event "UK Women's Blitz Championship"]
[Site "Leamington"]
[Date "2025.11.22"]
[Round "8.8"]
[White "Rida, Ruqayyah"]
[Black "Hryshchenko, Kamila"]
[Result "1-0"]
[WhiteElo "2072"]
[BlackElo "2062"]
[PlyCount "59"]
[EventDate "2025.11.22"]
[EventType "tourn (blitz)"]
[EventRounds "15"]
[EventCountry "GBR"]
[SourceTitle "BritBase"]
[Source "John Saunders"]
[SourceDate "2025.11.23"]
[SourceVersion "1"]
[SourceVersionDate "2025.11.23"]
[SourceQuality "1"]

1. e4 d6 2. d4 g6 3. Bd3 Bg7 4. c3 Nf6 5. f4 e5 6. Nf3 Nbd7 7. O-O O-O 8. Re1 c6 9. a4 a5 10. Na3 Nh5 11. fxe5 dxe5 12. Nc4 exd4 13. cxd4 Nb6 14. Be3 Nxc4 15. Bxc4 Nf6 16. Qd3 Qc7 17. Rac1 Bd7 18. e5 Ng4 19. Bf4 Be6 20. Qd2 Bxc4 21. Rxc4 g5 22. Bxg5 f6 23. Bf4 fxe5 24. dxe5 Qf7 25. Rce4 Rad8 26. Qc1 Rfe8 27. h3 Nxe5 28. Nxe5 Bxe5 29. Bxe5 Qf5 30. Rg4+ 1-0

[Event "UK Women's Blitz Championship"]
[Site "Leamington"]
[Date "2025.11.22"]
[Round "9.1"]
[White "Hryshchenko, Kamila"]
[Black "Orlovska, Madara"]
[Result "0-1"]
[WhiteElo "2062"]
[BlackElo "2052"]
[PlyCount "126"]
[EventDate "2025.11.22"]
[EventType "tourn (blitz)"]
[EventRounds "15"]
[EventCountry "GBR"]
[SourceTitle "BritBase"]
[Source "John Saunders"]
[SourceDate "2025.11.23"]
[SourceVersion "1"]
[SourceVersionDate "2025.11.23"]
[SourceQuality "1"]

1. e4 c5 2. Nf3 Nc6 3. Bb5 g6 4. Bxc6 dxc6 5. h3 Bg7 6. d3 Nf6 7. Nc3 Nd7 8. Be3 e5 9. Qd2 h6 10. O-O-O b6 11. Kb1 Nf8 12. Ne2 Ne6 13. Nh2 g5 14. g3 Qe7 15. c3 Ba6 16. Qc2 O-O-O 17. Nc1 c4 18. dxc4 Bxc4 19. Qa4 Bb5 20. Qb3 Rxd1 21. Rxd1 Rd8 22. Nf3 Rd7 23. Nd2 Qd8 24. Kc2 Bf8 25. c4 Ba6 26. Nd3 Nd4+ 27. Bxd4 Rxd4 28. Nxe5 Kb7 29. Qf3 f6 30. Ng4 Bb4 31. Nb3 Rxc4+ 32. Kb1 Qe7 33. Nxf6 Bd6 34. Qf5 Bc7 35. Rd7 Qb4 36. Rd1 Qb5 37. Qxb5 Bxb5 38. Ng4 h5 39. Nf6 h4 40. gxh4 gxh4 41. f3 a5 42. Nd4 Rc5 43. Nf5 Bc4 44. b3 Be2 45. Rd7 Kb8 46. Ne8 Bg3 47. Nxg3 hxg3 48. Rg7 Bxf3 49. Rxg3 Bxe4+ 50. Kb2 Rc2+ 51. Ka1 Rh2 52. Re3 Bg6 53. Nd6 Kc7 54. Nc4 Rh1+ 55. Kb2 Rb1+ 56. Ka3 b5 57. Nxa5 Kb6 58. Nxc6 Bf5 59. Nd4 Bd7 60. Nc2 Rb2 61. Nb4 Rh2 62. Nd5+ Kc5 63. Nf4 b4# 0-1

[Event "UK Women's Blitz Championship"]
[Site "Leamington"]
[Date "2025.11.22"]
[Round "9.2"]
[White "Nguyen, Hong Nhung"]
[Black "Rida, Ruqayyah"]
[Result "1-0"]
[WhiteElo "2190"]
[BlackElo "2072"]
[PlyCount "97"]
[EventDate "2025.11.22"]
[EventType "tourn (blitz)"]
[EventRounds "15"]
[EventCountry "GBR"]
[SourceTitle "BritBase"]
[Source "John Saunders"]
[SourceDate "2025.11.23"]
[SourceVersion "1"]
[SourceVersionDate "2025.11.23"]
[SourceQuality "1"]

1. e4 e5 2. Nf3 Nc6 3. d4 exd4 4. Bc4 Nf6 5. O-O Nxe4 6. Re1 d5 7. Bxd5 Qxd5 8. Nc3 Qh5 9. Nxe4 Be6 10. Bg5 Be7 11. Bxe7 Nxe7 12. Qxd4 O-O 13. Neg5 Nc6 14. Qf4 Bd5 15. Qxc7 h6 16. Ne4 Rac8 17. Qg3 Kh8 18. c3 f5 19. Ned2 Rf6 20. Qf4 Rcf8 21. c4 Bxf3 22. Qxf3 Qf7 23. Qc3 Kh7 24. Nf3 Rd8 25. b4 Qf8 26. a3 Ne7 27. Nd4 Qf7 28. Rad1 Rfd6 29. c5 Rd5 30. Qb3 Qf6 31. Nb5 Rxd1 32. Rxd1 Nd5 33. h3 Qe5 34. Nd6 Nf6 35. Qc2 Qf4 36. Re1 Qd4 37. Nxf5 Qd3 38. Qxd3 Rxd3 39. Re7 Rxa3 40. Rxg7+ Kh8 41. Rxb7 Nd5 42. b5 Rc3 43. c6 Rc5 44. Nd6 Nb6 45. Rxa7 Nc4 46. Nxc4 Rxc4 47. c7 Kg8 48. Ra8+ Kf7 49. c8=Q 1-0

[Event "UK Women's Blitz Championship"]
[Site "Leamington"]
[Date "2025.11.22"]
[Round "9.3"]
[White "Tamilselvan, Tara"]
[Black "Bahtiyorova, Nodirabegim"]
[Result "1/2-1/2"]
[WhiteElo "1887"]
[BlackElo "1817"]
[PlyCount "101"]
[EventDate "2025.11.22"]
[EventType "tourn (blitz)"]
[EventRounds "15"]
[EventCountry "GBR"]
[SourceTitle "BritBase"]
[Source "John Saunders"]
[SourceDate "2025.11.23"]
[SourceVersion "1"]
[SourceVersionDate "2025.11.23"]
[SourceQuality "1"]

1. Nf3 d5 2. d4 Nf6 3. e3 e6 4. Bd3 c5 5. b3 a6 6. Bb2 Nc6 7. O-O Be7 8. Nbd2 O-O 9. c4 b6 10. a3 Bb7 11. h3 Rc8 12. Rc1 Re8 13. Re1 Bf8 14. Qc2 h6 15. dxc5 bxc5 16. Ne5 Nxe5 17. Bxe5 Rc6 18. f4 Nd7 19. Bb2 Be7 20. f5 Bf6 21. fxe6 fxe6 22. Nf3 Rf8 23. Bxf6 Rxf6 24. Rf1 Qe7 25. Nh2 Rc8 26. Ng4 Rxf1+ 27. Rxf1 Rf8 28. Rxf8+ Qxf8 29. Nf2 Qd6 30. e4 d4 31. Qe2 Ne5 32. Ng4 Kf7 33. Nxe5+ Qxe5 34. Qf3+ Qf6 35. Kf2 Qxf3+ 36. Kxf3 Kf6 37. Kf4 g5+ 38. Kf3 Ke5 39. g3 Bc6 40. Bc2 a5 41. a4 Bb7 42. Bd3 Bc6 43. Bc2 h5 44. g4 hxg4+ 45. hxg4 Bb7 46. Bd3 Bc6 47. Bc2 Be8 48. Bd3 Bc6 49. Bc2 Bd7 50. Bd3 Bc6 51. Bc2 1/2-1/2

[Event "UK Women's Blitz Championship"]
[Site "Leamington"]
[Date "2025.11.22"]
[Round "9.4"]
[White "Pyun, Lindsay"]
[Black "Yuan, Alice"]
[Result "1-0"]
[WhiteElo "1796"]
[BlackElo "1586"]
[PlyCount "93"]
[EventDate "2025.11.22"]
[EventType "tourn (blitz)"]
[EventRounds "15"]
[EventCountry "GBR"]
[SourceTitle "BritBase"]
[Source "John Saunders"]
[SourceDate "2025.11.23"]
[SourceVersion "1"]
[SourceVersionDate "2025.11.23"]
[SourceQuality "1"]

1. e4 e6 2. d4 d5 3. Nc3 dxe4 4. Nxe4 Nd7 5. c3 Ngf6 6. Nxf6+ Nxf6 7. Nf3 Be7 8. Bd3 Bd7 9. O-O O-O 10. h3 h6 11. Ne5 Nd5 12. Qe2 c6 13. Qg4 Kh8 14. f4 Qe8 15. Kh1 Bf6 16. Bd2 Bxe5 17. fxe5 Qe7 18. Qe4 g6 19. Bxh6 Rfe8 20. Qg4 Kh7 21. Bg5 Qf8 22. Bf6 Ne3 23. Qh5+ Qh6 24. Qxh6+ Kxh6 25. Rf4 g5 26. Rf3 Nf5 27. Kh2 Nh4 28. Rg3 Rg8 29. Rf1 Nf5 30. Rgf3 Nh4 31. R3f2 Nf5 32. g3 Ne3 33. Re1 Nf5 34. g4 Nh4 35. Kg3 Raf8 36. Be7 Re8 37. Rxf7 Rh8 38. Rf6+ Kg7 39. Bd6 Rh6 40. Ref1 Rxf6 41. Rxf6 Rh8 42. Rf1 Kg8 43. b3 Kg7 44. Ba3 b6 45. Bc1 Rf8 46. Rxf8 Kxf8 47. Bxg5 1-0

[Event "UK Women's Blitz Championship"]
[Site "Leamington"]
[Date "2025.11.22"]
[Round "9.5"]
[White "Karas, Eugenia"]
[Black "Sivanandan, Bodhana"]
[Result "1/2-1/2"]
[WhiteElo "2019"]
[BlackElo "2291"]
[PlyCount "183"]
[EventDate "2025.11.22"]
[EventType "tourn (blitz)"]
[EventRounds "15"]
[EventCountry "GBR"]
[SourceTitle "BritBase"]
[Source "John Saunders"]
[SourceDate "2025.11.23"]
[SourceVersion "1"]
[SourceVersionDate "2025.11.23"]
[SourceQuality "1"]

1. Nf3 d5 2. b3 Nf6 3. Bb2 Bf5 4. d3 e6 5. Nbd2 c6 6. g3 Nbd7 7. Bg2 Be7 8. O-O O-O 9. Re1 Qc7 10. e4 dxe4 11. dxe4 Bg4 12. c4 Nc5 13. Qc2 Rfd8 14. e5 Ne8 15. Nd4 Bh5 16. Ne4 Bg6 17. Qe2 Nxe4 18. Bxe4 Bc5 19. Bxg6 Bxd4 20. Bxh7+ Kxh7 21. Qe4+ Kg8 22. Bxd4 Rd7 23. Bc3 Rad8 24. h4 Rd3 25. Rac1 Qe7 26. Kg2 Qa3 27. Rc2 Qc5 28. h5 b5 29. h6 g6 30. h7+ Kh8 31. Qf4 Qe7 32. cxb5 cxb5 33. Ba5 R8d4 34. Qh6 Qb7+ 35. Kg1 Qe7 36. Bc3 Rd1 37. Rc1 Rxc1 38. Rxc1 Rd8 39. Bb2 b4 40. Re1 Ng7 41. Kh2 Nf5 42. Qf4 g5 43. Qe4 Rd2 44. Re2 Rxe2 45. Qxe2 Kxh7 46. Qd3 Kg8 47. Bc1 Qc5 48. Bxg5 Qxf2+ 49. Kh3 Kg7 50. Bf6+ Kg6 51. g4 Qe3+ 52. Qxe3 Nxe3 53. Be7 Nd5 54. Bc5 a5 55. Kg3 f6 56. exf6 Kxf6 57. Bd4+ e5 58. Bb2 Ke6 59. Kf3 Nc3 60. Bxc3 bxc3 61. Ke3 e4 62. a3 Kd5 63. g5 Ke5 64. b4 axb4 65. axb4 Kf5 66. b5 c2 67. Kd2 Kf4 68. Kxc2 Kf3 69. g6 e3 70. g7 e2 71. g8=Q e1=Q 72. Qf7+ Kg4 73. Qg6+ Kf4 74. Qd6+ Qe5 75. Qd2+ Kf5 76. Qd3+ Ke6 77. Qc4+ Kd7 78. Qc6+ Kd8 79. Kb3 Qc7 80. Qf6+ Kc8 81. Kb4 Kb7 82. Qf3+ Kb8 83. Qd5 Qe7+ 84. Ka5 Qa7+ 85. Kb4 Qe7+ 86. Qc5 Qxc5+ 87. Kxc5 Kc7 88. b6+ Kb7 89. Kb5 Kb8 90. Kc6 Kc8 91. b7+ Kb8 92. Kb6 1/2-1/2

[Event "UK Women's Blitz Championship"]
[Site "Leamington"]
[Date "2025.11.22"]
[Round "9.6"]
[White "Dicen, Elis Denele"]
[Black "Hng, Mei-Xian Eunice"]
[Result "1-0"]
[WhiteElo "2076"]
[BlackElo "2000"]
[PlyCount "57"]
[EventDate "2025.11.22"]
[EventType "tourn (blitz)"]
[EventRounds "15"]
[EventCountry "GBR"]
[SourceTitle "BritBase"]
[Source "John Saunders"]
[SourceDate "2025.11.23"]
[SourceVersion "1"]
[SourceVersionDate "2025.11.23"]
[SourceQuality "1"]

1. d4 Nf6 2. Nf3 e6 3. Bg5 c5 4. e3 Be7 5. Nbd2 b6 6. c3 Bb7 7. Bd3 h6 8. Bh4 cxd4 9. exd4 O-O 10. O-O d6 11. Re1 Nbd7 12. Qe2 Nh5 13. Bxe7 Qxe7 14. Be4 Bxe4 15. Qxe4 Nhf6 16. Qe2 d5 17. a4 Ne8 18. a5 Nd6 19. Ne5 Nxe5 20. Qxe5 Qd7 21. h3 Rfd8 22. Ra2 Rab8 23. axb6 axb6 24. Rea1 Rb7 25. Qe2 Qc7 26. Nb3 Nc4 27. Nc1 b5 28. Nd3 Rbb8 29. b4 1-0

[Event "UK Women's Blitz Championship"]
[Site "Leamington"]
[Date "2025.11.22"]
[Round "9.7"]
[White "Hariharan, Shambavi"]
[Black "Mirzoeva, Elmira"]
[Result "0-1"]
[WhiteElo "1978"]
[BlackElo "2122"]
[PlyCount "113"]
[EventDate "2025.11.22"]
[EventType "tourn (blitz)"]
[EventRounds "15"]
[EventCountry "GBR"]
[SourceTitle "BritBase"]
[Source "John Saunders"]
[SourceDate "2025.11.23"]
[SourceVersion "1"]
[SourceVersionDate "2025.11.23"]
[SourceQuality "1"]

1. d4 d6 2. c4 e5 3. Nf3 e4 4. Nfd2 f5 5. e3 Nf6 6. g3 g6 7. Bg2 Bg7 8. O-O O-O 9. Nc3 c6 10. f3 d5 11. Qb3 Kh8 12. fxe4 fxe4 13. cxd5 cxd5 14. Qd1 Nc6 15. Nb3 Bg4 16. Qe1 Nb4 17. Qd2 Nd3 18. Nc5 Nxc1 19. Raxc1 b6 20. Nb3 Qd7 21. Ne2 Rac8 22. Nf4 g5 23. Ne2 Qa4 24. Rxc8 Rxc8 25. Nbc1 Qc2 26. Qe1 Qxb2 27. h3 Bxe2 28. Nxe2 Rc2 29. Rf2 Qxa2 30. g4 h6 31. Qf1 Rb2 32. Kh2 Rb1 33. Nc1 Rxc1 34. Rxa2 Rxf1 35. Bxf1 a5 36. Rb2 Nd7 37. Bb5 Nb8 38. Be8 Na6 39. Rxb6 Nb4 40. Rb5 Nc2 41. Rxa5 Nxe3 42. Kg3 Bxd4 43. Bf7 Bc3 44. Ra8+ Kg7 45. Be6 Kf6 46. Bd7 Be5+ 47. Kf2 Nd1+ 48. Ke2 Nc3+ 49. Kd2 d4 50. Rf8+ Ke7 51. Re8+ Kd6 52. Bf5 e3+ 53. Kc2 e2 54. Rd8+ Ke7 55. Rd7+ Ke8 56. Kd2 Bf4+ 57. Kd3 0-1

[Event "UK Women's Blitz Championship"]
[Site "Leamington"]
[Date "2025.11.22"]
[Round "9.8"]
[White "Barwick, Carmel J"]
[Black "Varney, Zoe"]
[Result "1-0"]
[WhiteElo "1831"]
[BlackElo "1931"]
[PlyCount "38"]
[EventDate "2025.11.22"]
[EventType "tourn (blitz)"]
[EventRounds "15"]
[EventCountry "GBR"]
[SourceTitle "BritBase"]
[Source "John Saunders"]
[SourceDate "2025.11.23"]
[SourceVersion "1"]
[SourceVersionDate "2025.11.23"]
[SourceQuality "1"]

1. e4 e5 2. Nf3 Nc6 3. Bc4 Nf6 4. d4 exd4 5. e5 Ne4 6. Qe2 Nc5 7. c3 d3 8. Qe3 Be7 9. b4 Ne6 10. O-O O-O 11. Rd1 Qe8 12. Bxd3 d6 13. Qe4 g6 14. Bh6 Ng7 15. b5 Nxe5 16. Nxe5 dxe5 17. Qxe5 f6 18. Bc4+ Kh8 19. Qxc7 Qd8 1-0